000 00480nam a22001937a 4500
999 _c9504
_d9504
003 GBCCL
005 20241126110713.0
008 230214b ||||| |||| 00| 0 eng d
020 _a9789381016596
040 _cgbc
082 _a248
_bMAC
100 _aMacDonald, William
_93205
245 _aThe disciple's manual
250 _a2nd Indian ed.
260 _aChennai :
_bMoriah ministries,
_c2020
300 _a398p. ;
650 _aChristian life
_9183
942 _2ddc
_cBK
_07